Statistics for Foreign NFL Players to Country

Click here to take the quiz!

General Stats

  • This quiz has been taken 39 times
  • The average score is 5 of 13

Answer Stats

PlayerPositionCountry% Correct
Chase ClaypoolWide ReceiverCanada
86%
Younghoe KooKickerSouth Korea
76%
Nelson AgholorWide ReceiverNigeria
62%
Cairo SantosKickerBrazil
51%
Michael DicksonPunterAustralia
46%
Jakob JohnsonFullbackGermany
41%
Graham GanoKickerUnited Kingdom
38%
Hjalte FroholdtOffensive GuardDenmark
32%
Star LotuleleiDefensive TackleTonga
30%
Pierre DesirCornerbackHaiti
24%
Danielle HunterDefensive EndJamaica
24%
Greg JosephKickerSouth Africa
24%
N'Keal HarryWide ReceiverSt. Vincent
14%

Score Distribution

Percentile by Number Answered

Percent of People with Each Score

Your Score History

You have not taken this quiz